000 00576nam a2200193Ia 4500
003 IN-BaIIA
008 211028s9999 xx 000 0 eng d
040 _cIIA Library
080 _a083.7:669.716.915
_bISI
110 _aIndian Standards Institution
245 0 _aIndian standard specification for anodic coatings on aluminium
_cIndian Standards Institution
260 _aNew Delhi
_bIndian Standards Institution
_c1968
300 _a9p.
500 _aIS 1868 : 1968
650 _aAluminium Alloys
650 _aNASA Thesaurus
650 _aStandards
_98876
942 _cBK
999 _c5381
_d5381